000 00403nam a2200145Ia 4500
008 231129s2007||||xx |||||||||||||| ||spa||
020 _a978-958-98167-2-1
040 _bspa
082 _a701.18 G516m
100 _aGiraldo Efrén
245 0 _aMarta Traba: Crí­tica del arte latinoamericano
260 _c2007
264 _aLa Carreta Editores
942 _2ddc
_cBKS
999 _c20693
_d20693